[Event "Rouen op 9th"]
[Site "Rouen"]
[Date "2016.12.17"]
[Round "1"]
[White "Leleu, Andre"]
[Black "Pineau, Patrick"]
[Result "1-0"]
[WhiteElo "1848"]
[BlackElo "1433"]
[PlyCount "101"]
[EventDate "2016.12.17"]
[EventType "swiss"]
[EventRounds "7"]
[EventCountry "FRA"]
[SourceTitle "CBM 176 Extra"]
[Source "ChessBase"]
[SourceDate "2017.03.02"]
[SourceVersion "1"]
[SourceVersionDate "2017.03.02"]
[SourceQuality "1"]

1. c4 e5 2. Nc3 Nf6 3. Nf3 Nc6 4. a3 d6 5. g3 Bg4 6. Bg2 Be7 7. 0-0 0-0 8. h3 Be6 9. d3 Qd7 10. Ng5 Ne8 11. Nxe6 fxe6 12. b4 a6 13. Rb1 Rb8 14. b5 axb5 15. Rxb5 b6 16. a4 Nf6 17. Ba3 Nd4 18. Rb1 c5 19. e3 Nc6 20. Qb3 h6 21. Rb2 Nh7 22. Qb5 Rfc8 23. Rfb1 Bd8 24. Qb3 Na5 25. Qd1 Nc6 26. Qf3 Ng5 27. Qg4 Ne7 28. h4 Nh7 29. a5 Nf6 30. Qh3 Nf5 31. Qh1 Qf7 32. axb6 Ng4 33. b7 Rc7 34. Nb5 Rd7 35. Na7 Bb6 36. Nc8 Rbxb7 37. Bxb7 Rxb7 38. Qf3 h5 39. Rxb6 Rd7 40. Rb7 d5 41. Rxd7 Qxd7 42. Nb6 Qa7 43. Bxc5 Qa5 44. Nd7 Qd2 45. Rb8+ Kh7 46. Nf8+ Kh6 47. Nxe6 Qe1+ 48. Kg2 Kg6 49. Nf8+ Kh6 50. Rb6+ Nf6 51. Qxf5 1-0